Vplyv open space na duševné zdravie zamestnancov

Vplyv open space na pracovný výkon a duševné zdravie. Open space vs klasické kancelárie – výhody a nevýhody. Vnímanie open space zamestnancami. Celková spokojnosť zamestnancov s open space. Dôvody nespokojnosti s open space. Identifikovanie rušivých faktorov z pohľadu hluku.

Gespeichert in:
Bibliographische Detailangaben
1. Verfasser: Gažová Adamková, Hana, 1969-
Format: Buchkapitel
Sprache:Slowakisch
Schlagworte:
Tags: Tag hinzufügen
Keine Tags, Fügen Sie das erste Tag hinzu!

MARC

LEADER 00000naa$a2200000$$$4500
001 0260866
005 20240502074134.0
041 0 |a slo 
044 |a SK 
245 1 0 |a Vplyv open space na duševné zdravie zamestnancov  |c Hana Gažová Adamková 
520 |a Vplyv open space na pracovný výkon a duševné zdravie. Open space vs klasické kancelárie – výhody a nevýhody. Vnímanie open space zamestnancami. Celková spokojnosť zamestnancov s open space. Dôvody nespokojnosti s open space. Identifikovanie rušivých faktorov z pohľadu hluku. 
610 2 0 |a pracovisko 
610 2 0 |a prostredie pracovné 
610 2 0 |a podmienky pracovné 
610 2 0 |a kancelárie 
610 2 0 |a zamestnanci 
610 2 0 |a hluk 
610 2 0 |a zdravie duševné 
610 2 0 |a prieskum 
100 1 |a Gažová Adamková, Hana, 1969-